Copper deposits of the Appalachian states / (Record no. 25068)

MARC details
000 -LEADER
fixed length control field 00805cam a22002531i 4500
001 - CONTROL NUMBER
control field gs 11000491
003 - CONTROL NUMBER IDENTIFIER
control field DLC
005 - DATE AND TIME OF LATEST TRANSACTION
control field 20260227111312.0
008 - FIXED-LENGTH DATA ELEMENTS--GENERAL INFORMATION
fixed length control field 790518s1911 dcuaf b f001 0 eng
010 ## - LIBRARY OF CONGRESS CONTROL NUMBER
LC control number gs 11000491
035 ## - SYSTEM CONTROL NUMBER
System control number (OCoLC)4979022
040 ## - CATALOGING SOURCE
Original cataloging agency DLC
Transcribing agency ICharE
Modifying agency DLC
042 ## - AUTHENTICATION CODE
Authentication code premarc
043 ## - GEOGRAPHIC AREA CODE
Geographic area code n-usa---
050 00 - LIBRARY OF CONGRESS CALL NUMBER
Classification number QE75
Item number .B9
051 ## - LIBRARY OF CONGRESS COPY, ISSUE, OFFPRINT STATEMENT
Classification number TN443.A5
Item number W4
Copy information Copy 2.
100 1# - MAIN ENTRY--PERSONAL NAME
Personal name Weed, Walter Harvey,
Dates associated with a name 1862-1944.
245 10 - TITLE STATEMENT
Title Copper deposits of the Appalachian states /
Statement of responsibility, etc. by Walter Harvey Weed.
260 ## - PUBLICATION, DISTRIBUTION, ETC.
Place of publication, distribution, etc. Washington,
Name of publisher, distributor, etc. Govt. Print. Off.,
Date of publication, distribution, etc. 1911.
300 ## - PHYSICAL DESCRIPTION
Extent 166 p. :
Other physical details ill., v pl., diagrs. ;
Dimensions 24 cm.
490 1# - SERIES STATEMENT
Series statement U.S. Geological survey. Bulletin 455
504 ## - BIBLIOGRAPHY, ETC. NOTE
Bibliography, etc. note Bibliographical foot-notes and index.
810 1# - SERIES ADDED ENTRY--CORPORATE NAME
Corporate name or jurisdiction name as entry element United States.
Subordinate unit Geological Survey.
Title of a work Bulletin ;
Volume/sequential designation 455.

No items available.

Powered by Koha